Lighthouse keepers
After teenage friends Jamie and Ramsay travel back to Altair to save the last citizens of that dying planet, the ancient race who built the mysterious, wormhole-seeking Salmon returns with a terrible proposition for Jamie.
Uloženo v:
| Hlavní autor: | |
|---|---|
| Médium: | Kniha |
| Jazyk: | Undetermined |
| Vydáno: |
New York
Amulet Books
2008
|
| Témata: | |
| Tagy: |
Přidat tag
Žádné tagy, Buďte první, kdo otaguje tento záznam!
|
| Thư viện lưu trữ: | Trung tâm Học liệu Trường Đại học Cần Thơ |
|---|
| LEADER | 00819nam a2200205Ia 4500 | ||
|---|---|---|---|
| 001 | CTU_187373 | ||
| 008 | 210402s9999 xx 000 0 und d | ||
| 082 | |a 813.54 | ||
| 082 | |b M126 | ||
| 100 | |a McKinty, Adrian | ||
| 245 | 0 | |a Lighthouse keepers | |
| 245 | 0 | |c Adrian McKinty | |
| 260 | |a New York | ||
| 260 | |b Amulet Books | ||
| 260 | |c 2008 | ||
| 520 | |a After teenage friends Jamie and Ramsay travel back to Altair to save the last citizens of that dying planet, the ancient race who built the mysterious, wormhole-seeking Salmon returns with a terrible proposition for Jamie. | ||
| 650 | |a Space and time,Science fiction,Không gian và thời gian,Khoa học viễn tưởng | ||
| 650 | |x Fiction,Viễn tưởng | ||
| 904 | |i Qhieu | ||
| 980 | |a Trung tâm Học liệu Trường Đại học Cần Thơ | ||